000 00685nam a2200205Ii 4500
003 JO-AjNU
008 230605s9999||||xx |||||||||||||| ||und||
017 _a1999/5/650
040 _aJO-AjNU
_bara
_erda
_cJO-AjNU
041 _aara
050 1 4 _aPT1329.A7.M812 1999
100 3 _aترجمة عودة ، علي ,
_eauthor
_957067
245 0 0 _aمختارات من القصة الألمانية المعاصرة 
264 3 1 _aاربد : دار الكندي للنشر والتوزيع ،1999
300 _a260ص
336 _atext
_btxt
_2rdacontent
337 _aunmediated
_bn
_2rdamedia
338 _avolume
_bnc
_2rdacarrier
650 4 _aالقصص الالمانية
_957068
999 _aA25551
_c29119
_d29119